000 00578nam a2200205Ia 4500
005 20250923145536.0
008 008 250917s9999 xx 000 0 eng d
037 _aTextual
040 _aDSWL
_beng
_cDSWL
041 _aeng
_2eng
084 _aY31:1:7.2, N78
_qDSWL
100 _aBroehl, W.G.
_9836391
245 4 _aThe village entrepreneur
_c by W.G. Broehl
260 _aLondon
_bHarvard University Press
_c1978
300 _avi,228 p.
365 _aGBP
_b12.95
925 _g12.95
942 _cTEXL
_hY31:1:7.2, N78
999 _c1452650
_d1452650